00635cam a22002417a 4500003000500000005001700005008004100022010001000063011001000073020001500083035001000098040000900108082001900117100002400136245006600160260004000226300001100266490002600277650002000303650001600323700002800339830002600367CHAP20220329142305.0000516d1999 us r 00010 eng d a81137 a82109 a0126144400 a92595 cCHAP04a581.13342bS3300aSage, Rowan F.eed.10aC4 plant biologyc/ed. by Rowan F. Sage and Russell K. Monson aSan Diego :bAcademic Press,c1999. a596 p. 0aPhysiological ecology14aFotosíntesis.14aPlantas C4.0 aMonson, Russell K.eed.0 aPhysiological ecology